|
|
|
|
| LEADER |
00681nab a2200181 i 4500 |
| 001 |
acta21336 |
| 005 |
20210610121313.0 |
| 008 |
161015s1949 hu o 0|| ger d |
| 022 |
|
|
|a 0324-671X
|
| 040 |
|
|
|a SZTE Egyetemi Kiadványok Repozitórium
|b hun
|
| 041 |
|
|
|a ger
|
| 100 |
1 |
|
|a Szalai István
|
| 245 |
1 |
4 |
|a Die Wirkung der Beleuchtung auf den Zeitpunkt der Blütenbildung
|h [elektronikus dokumentum] /
|c Szalai István
|
| 260 |
|
|
|c 1949
|
| 300 |
|
|
|a 28-35
|
| 490 |
0 |
|
|a Acta Universitatis Szegediensis : sectio scientarium naturalium : pars botanica
|
| 695 |
|
|
|a Természettudomány, Biológia
|
| 856 |
4 |
0 |
|u http://acta.bibl.u-szeged.hu/21336/1/botanica_004_028-035.pdf
|z Dokumentum-elérés
|